Entre el espejo y el mundo II : (Record no. 64305)

MARC details
000 -LEADER
campo de control de longitud fija 00709nmm a2200193Ia 4500
008 - DATOS DE LONGITUD FIJA--INFORMACIÓN GENERAL
campo de control de longitud fija 251105s9999||||xx |||||||||||||||||und||
020 ## - NÚMERO INTERNACIONAL ESTÁNDAR DEL LIBRO
Número Internacional Estándar del Libro 9788437059839
041 ## - CÓDIGO DE IDIOMA
Código de lengua del texto/banda sonora o título independiente spa
100 ## - ENTRADA PRINCIPAL--NOMBRE DE PERSONA
Nombre de persona Coy, Juan José
245 #0 - MENCIÓN DEL TÍTULO
Título Entre el espejo y el mundo II :
Resto del título Texto literario y contexto histórico en la literatura norteamericana (II)
264 ## - PRODUCCIÓN, PUBLICACIÓN, DISTRIBUCIÓN, FABRICACIÓN Y COPYRIGHT
Producción, publicación, distribución, fabricación y copyright [Madrid, España] :
Nombre del de productor, editor, distribuidor, fabricante Publicaciones de la Universidad de Valencia (PUV),
Fecha de producción, publicación, distribución, fabricación o copyright 2004
300 ## - DESCRIPCIÓN FÍSICA
Extensión 408 páginas
490 ## - MENCIÓN DE SERIE
Mención de serie Biblioteca Javier Coy d'estudis nord-americans
650 ## - PUNTO DE ACCESO ADICIONAL DE MATERIA--TÉRMINO DE MATERIA
Término de materia o nombre geográfico como elemento de entrada English literature and language
700 ## - ENTRADA AGREGADA--NOMBRE PERSONAL
Nombre de persona Coy, Juan José
700 1# - ENTRADA AGREGADA--NOMBRE PERSONAL
Nombre de persona Ríos Cañavate, José Luis
856 ## - LOCALIZACIÓN Y ACCESO ELECTRÓNICOS
Identificador Uniforme de Recursos <a href="https://public.digitaliapublishing.com/a/35034">https://public.digitaliapublishing.com/a/35034</a>
942 ## - ELEMENTOS DE ENTRADA SECUNDARIOS (KOHA)
Tipo de ítem Koha Libro Digital

No items available.

Powered by Koha